01011nam a2200217 4500001000700000003000900007005001700016008004100033080001500074100003800089245015100127260005300278300004000331490007200371650003900443700003900482830008000521852002300601999001900624952015000643179972ES-MaACL20230906220946.0120308s1920 sp | |||| ||spa d a929.6(038)1 aGarcía Carraffa, Arturo.95434310aDiccionario de los términos del blasón b: métodos de blasonar : índices de lemas heráldicos / cpor Arturo y Alberto García Carraffa. aMadrid : b[s.n.], c1920 (fImp. Antonio Marzo) a183 p. : bil. col. y n. ; c28 cm.1 aEnciclopedia heráldica y genealógica hispano-americana ; vt. 204aHeráldica-vDiccionarios.9133160 aGarcía Carraffa, Alberto.9543420 aEnciclopedia heráldica y genealógica hispano-americana ; vt. 29191150 aES-MaACLjJ-58 (2) c179972d179972 001040708Colección_de_referencia aATENEOMbATENEOMcDEPO2d2012-03-08eSCl0oJ-58(2)p1189078r2023-02-23 00:00:00w2023-02-23yMONOGRAFIA